Proceso de conformación territorial de Chile 1536-1881: análisis comparado en relación a la Argentina

Na minha lista:
Detalhes bibliográficos
Autor principal: Ferrer Fougá, Hernán (Author)
Autor Corporativo: Universidad de Santiago de Chile, Instituto de Investigaciones del Patrimonio Territorial de Chile (Author)
Formato: Livro
Idioma:espanhol
Publicado em: Santiago Universidad de Santiago de Chile 1990
Colecção:Colección Terra Nostra, 19
Assuntos:
Tags: Adicionar Tag
Sem tags, seja o primeiro a adicionar uma tag!

MARC

LEADER 00000nam a2200000 a 4500
001 UCV8481
003 CL-VaPUC
008 910819e19900000CL |||||||||||||||||spa|d
082 0 4 |a 341.42  |b FER  |2 21 
100 0 |a Ferrer Fougá, Hernán  |e author  |9 302529 
110 2 |a Universidad de Santiago de Chile, Instituto de Investigaciones del Patrimonio Territorial de Chile  |e author  |9 302530 
245 1 0 |a Proceso de conformación territorial de Chile 1536-1881: análisis comparado en relación a la Argentina 
300 |a 2 v 
942 |c BK 
945 |d 19910819 00:00:00  |a oaravena 
260 |a Santiago  |b Universidad de Santiago de Chile  |c 1990 
500 |a Contienes anexos 
650 0 |a Problemas limítrofes  |9 266724 
650 7 |a DERECHOS TERRITORIALES  |2 CL-VaPUC  |9 266725 
650 0 |a Soberanía  |9 266726 
650 7 |a TERRITORIO NACIONAL HISTORIA  |2 CL-VaPUC  |9 266727 
650 0 |a Adquisición de territorio  |9 266728 
650 0 |a Límites   |9 255439 
650 0 |a Tratados internacionales   |9 256056 
650 0 |a Solución de conflictos  |9 266729 
651 7 |a CHILE  |2 CL-VaPUC  |9 302531 
651 0 |a Argentina  |9 254888 
583 |a last modification  |c 19910819 00:00:00  |k Rodrigo Vera 
490 0 |a Colección Terra Nostra, 19 
999 |c 213993  |d 213991 
952 |0 0  |1 0  |4 0  |6 341_420000000000000_FER_1990  |7 0  |8 P  |9 196963  |a BIBARQ  |b BIBARQ  |d 2019-11-14  |h v.1  |i 2647176  |o 341.42 FER 1990  |p 2647176  |r 2025-01-20  |w 2019-11-14  |y BK  |k ARQ 
952 |0 0  |1 0  |4 0  |6 341_420000000000000_FER_1990  |7 0  |8 P  |9 196964  |a BIBARQ  |b BIBARQ  |d 2019-11-14  |h v.2  |i 2647184  |o 341.42 FER 1990  |p 2647184  |r 2025-01-20  |w 2019-11-14  |y BK  |k ARQ